| 000 | 01174nac a22002891u 4500 | ||
|---|---|---|---|
| 010 | _a 2003265603 | ||
| 020 | _a0471222925 | ||
| 022 | _a0471232467 | ||
| 035 | _a(OCoLC)ocm51008703 | ||
| 082 |
_a658.787 _bHAR. |
||
| 090 |
_c5268 _d5268 |
||
| 100 | _aHarrison, Jeffrey S. | ||
| 245 | 1 | 0 |
_aStrategic management of resources and relationships : _bconcepts and cases / _cJeffrey S. Harrison. |
| 260 |
_aNew York : _bWiley,c2003. _cc2003. |
||
| 300 |
_a1 v. (various pagings) : _bill. (some col.) ; _c26 cm. |
||
| 500 | _aDistributer : Al Ahram. | ||
| 504 | _aIncludes bibliographical references and indexes. | ||
| 511 | _aCatalogued By : Mahitab. | ||
| 650 | 0 | _aStrategic planning. | |
| 650 | 0 | _aManagement. | |
| 650 | 0 |
_aStrategic planning _vCase studies. |
|
| 650 | 0 |
_aManagement _vCase studies. |
|
| 856 | 4 | 2 |
_3Publisher description _uhttp://www.loc.gov/catdir/description/wiley037/2003265603.html |
| 856 | 4 | 2 |
_3Table of contents _uhttp://www.loc.gov/catdir/toc/wiley032/2003265603.html |
| 942 |
_cBB _k658.787HAR. |
||
| 999 |
_c5268 _d5268 |
||